| 000 | 00570nam a2200181 a 4500 | ||
|---|---|---|---|
| 001 | 3789 | ||
| 003 | CDMR | ||
| 005 | 20130411192841.0 | ||
| 008 | 130130s2003||||||||||||||||||||||||||||d | ||
| 020 | _a8488788509 | ||
| 040 |
_aCDMR _bcat _cCDMR |
||
| 100 | 1 |
_aMacías, Juana _92683 |
|
| 245 | 1 | 0 |
_a24 palabras por segundo _b: cómo escribir un guión de cine _cJuana Macías ; colaboración de Nieves Herranz |
| 260 |
_aMadrid _c2003 _bInstituto Oficial de Radio y Televisión |
||
| 490 | 0 | _aManuales profesionales | |
| 650 | 0 | 4 |
_9836 _aGuions cinematogràfics |
| 942 |
_cMON _2udc |
||
| 999 |
_c3789 _d3789 |
||